Marketing (Record no. 4295)

MARC details
005 - DATE AND TIME OF LATEST TRANSACTION
control field 20250618124723.0
020 ## - INTERNATIONAL STANDARD BOOK NUMBER
International Standard Book Number 978-0-0-07-338095-7
100 ## - MAIN ENTRY--PERSONAL NAME
Author name GREWAL, D
245 ## - TITLE STATEMENT
Title Marketing
250 ## - EDITION STATEMENT
Edition statement 2nd Ed
260 ## - PUBLICATION, DISTRIBUTION, ETC.
Place of publication, distribution, etc. New York
Name of publisher, distributor, etc. Mcgraw Hill Irwin
Date of publication, distribution, etc. 2010
300 ## - PHYSICAL DESCRIPTION
Extent xiii, 683p.: ill; Figure,Graph, Table
Other physical details Index
Dimensions 28cm
600 ## - SUBJECT ADDED ENTRY--PERSONAL NAME
Title of a work LEVY,M
942 ## - ADDED ENTRY ELEMENTS (KOHA)
Source of classification or shelving scheme Dewey Decimal Classification
Koha item type Books
Holdings
Date last seen Total checkouts Full call number Barcode Cost, replacement price Price effective from Koha item type Lost status Source of classification or shelving scheme Damaged status Not for loan Withdrawn status Home library Current library Shelving location Date acquired Source of acquisition Cost, normal purchase price
06/18/2025   658.8 GRE MBY000348 195000.00 06/18/2025 Books   Dewey Decimal Classification       CBE MBEYA CBE MBEYA General Collection 05/27/2012 PURCHASE 65000.00
06/18/2025   658.8 GRE MBY000347 195000.00 06/18/2025 Books   Dewey Decimal Classification       CBE MBEYA CBE MBEYA General Collection 05/27/2012 PURCHASE 65000.00
06/19/2025   658.8 GRE MBY000346 195000.00 06/19/2025 Books   Dewey Decimal Classification       CBE MBEYA CBE MBEYA General Collection 07/16/2012 PURCHASE 65000.00